Canciones y poemas para niños /

Guardado en:
Autor Principal: García Lorca, Federico
Formato: Libro
Publicado: Barcelona : Labor, 1976
Edición:2a. ed.
Series:Labor bolsillo juvenil, 11
Etiquetas: Agregar Etiqueta
Sin Etiquetas, Sea el primero en etiquetar este registro!
LEADER 00496nam a22001695a 4500
001 CEM.cems002733
005 20060217000000.0
008 130507s1976##################000#0#####d
003 CEMS
082 0 4 |a 861.6 
100 1 |a García Lorca, Federico 
245 1 0 |a Canciones y poemas para niños /  |c Federico García Lorca 
250 |a 2a. ed. 
260 |a Barcelona :  |b Labor,  |c 1976 
300 |a 94 p. 
490 0 |a Labor bolsillo juvenil, 11 
859 |a CEMS  |b BIB. CEMS - 11 de abril  |h 861.6  |i G165-5a2  |p 8000.80  |t Ej.1